[Event "Villarobledo Online Qualifyer"]
[Site "playchess.com #155672"]
[Date "2009.05.23"]
[Round "8"]
[White "Chesshero045"]
[Black "Von Herman"]
[Result "0-1"]
[WhiteElo "1980"]
[BlackElo "2247"]
[PlyCount "96"]
[EventDate "2009.05.23"]
[EventType "swiss (blitz)"]

1. e4 {[%emt 0:00:01]} c5 {[%emt 0:00:02]} 2. c3 {[%emt 0:00:01]} d5 {[%emt 0:
00:02]} 3. exd5 {[%emt 0:00:01]} Qxd5 {[%emt 0:00:00]} 4. d4 {[%emt 0:00:00]}
Nf6 {[%emt 0:00:01]} 5. Nf3 {[%emt 0:00:02]} e6 {[%emt 0:00:05]} 6. Be2 {[%emt
0:00:04]} Be7 {[%emt 0:00:03]} 7. Na3 {[%emt 0:00:01]} O-O {[%emt 0:00:01]} 8.
Nc2 {[%emt 0:00:01]} Rd8 {[%emt 0:00:04]} 9. O-O {[%emt 0:00:01]} Nc6 {[%emt 0:
00:01]} 10. Ne3 {[%emt 0:00:26]} Qd7 {[%emt 0:00:17]} 11. Ne5 {[%emt 0:00:03]}
Qc7 {[%emt 0:00:05]} 12. Nxc6 {[%emt 0:00:02]} bxc6 {[%emt 0:00:01]} 13. Qa4 {
[%emt 0:00:11]} cxd4 {[%emt 0:00:03]} 14. cxd4 {[%emt 0:00:01]} Rb8 {[%emt 0:
00:01]} 15. Rd1 {[%emt 0:00:06]} Rb4 {[%emt 0:00:04]} 16. Qc2 {[%emt 0:00:01]}
Rbxd4 {[%emt 0:00:03]} 17. Rxd4 {[%emt 0:00:08]} Rxd4 {[%emt 0:00:01]} 18. Bd2
{[%emt 0:00:04]} Ne4 {[%emt 0:00:08]} 19. Be1 {[%emt 0:00:19]} c5 {[%emt 0:00:
07]} 20. f3 {[%emt 0:00:06]} Nf6 {[%emt 0:00:10]} 21. Bc3 {[%emt 0:00:02]} Rd8
{[%emt 0:00:02]} 22. Nc4 {[%emt 0:00:07]} Nd5 {[%emt 0:00:15]} 23. Be5 {[%emt
0:00:13]} Qd7 {[%emt 0:00:18]} 24. Rd1 {[%emt 0:00:03]} Bb7 {[%emt 0:00:03]}
25. Qe4 {[%emt 0:00:33]} Qe8 {[%emt 0:00:11]} 26. Qg4 {[%emt 0:00:02]} Bf8 {
[%emt 0:00:04]} 27. b3 {[%emt 0:00:44]} Ba6 {[%emt 0:00:06]} 28. Bd3 {[%emt 0:
00:22]} Bxc4 {[%emt 0:00:06]} 29. bxc4 {[%emt 0:00:02]} Nb4 {[%emt 0:00:13] '}
30. Be2 {[%emt 0:00:04]} Rxd1+ {[%emt 0:00:05]} 31. Bxd1 {[%emt 0:00:00]} Nxa2
{[%emt 0:00:01]} 32. Bc2 {[%emt 0:00:02]} Nb4 {[%emt 0:00:01]} 33. Bb1 {[%emt
0:00:01]} Qd8 {[%emt 0:00:02]} 34. h3 {[%emt 0:00:03]} Qd1+ {[%emt 0:00:03]}
35. Kh2 {[%emt 0:00:01]} Qxb1 {[%emt 0:00:01]} 36. Qg5 {[%emt 0:00:02]} Qf5 {
[%emt 0:00:02]} 37. Qe3 {[%emt 0:00:02]} a5 {[%emt 0:00:06]} 38. Bc7 {[%emt 0:
00:01]} a4 {[%emt 0:00:01]} 39. Qa3 {[%emt 0:00:01]} Qd3 {[%emt 0:00:08]} 40.
Qxa4 {[%emt 0:00:01]} Bd6+ {[%emt 0:00:00]} 41. Bxd6 {[%emt 0:00:02]} Qxd6+ {
[%emt 0:00:01]} 42. Kh1 {[%emt 0:00:00]} g6 {[%emt 0:00:01]} 43. Qa8+ {[%emt 0:
00:01]} Kg7 {[%emt 0:00:01]} 44. Qe8 {[%emt 0:00:00]} Qd4 {[%emt 0:00:02]} 45.
Qe7 {[%emt 0:00:02]} Qxc4 {[%emt 0:00:02]} 46. h4 {[%emt 0:00:01]} h5 {[%emt 0:
00:03]} 47. Qd6 {[%emt 0:00:03]} Qd4 {[%emt 0:00:02]} 48. Qb6 {[%emt 0:00:03]}
Nd5 {[%emt 0:00:02] Chesshero045 gibt auf} 0-1

[Event "Villarobledo Online Qualifyer"]
[Site "playchess.com #155672"]
[Date "2009.05.23"]
[Round "8"]
[White "Kendo"]
[Black "Necromant"]
[Result "1-0"]
[WhiteElo "2735"]
[BlackElo "2583"]
[PlyCount "75"]
[EventDate "2009.05.23"]
[EventType "swiss (blitz)"]

1. e4 {[%emt 0:00:04]} c5 {[%emt 0:00:02]} 2. Nf3 {[%emt 0:00:01]} d6 {[%emt 0:
00:01]} 3. d4 {[%emt 0:00:01]} cxd4 {[%emt 0:00:01]} 4. Nxd4 {[%emt 0:00:00]}
Nf6 {[%emt 0:00:01]} 5. Nc3 {[%emt 0:00:01]} a6 {[%emt 0:00:01]} 6. Be3 {[%emt
0:00:02]} e6 {[%emt 0:00:03]} 7. a4 {[%emt 0:00:03]} Nc6 {[%emt 0:00:02]} 8. f4
{[%emt 0:00:01]} Be7 {[%emt 0:00:04]} 9. Be2 {[%emt 0:00:02]} O-O {[%emt 0:00:
01]} 10. O-O {[%emt 0:00:01]} Qc7 {[%emt 0:00:06]} 11. Kh1 {[%emt 0:00:01]}
Nxd4 {[%emt 0:00:08]} 12. Qxd4 {[%emt 0:00:05]} e5 {[%emt 0:00:02]} 13. Qc4 {
[%emt 0:00:06]} Qxc4 {[%emt 0:00:04]} 14. Bxc4 {[%emt 0:00:00]} Be6 {[%emt 0:
00:10]} 15. Nd5 {[%emt 0:00:39]} Bxd5 {[%emt 0:00:20]} 16. Bxd5 {[%emt 0:00:08]
} Nxd5 {[%emt 0:00:06]} 17. exd5 {[%emt 0:00:00]} Bf6 {[%emt 0:00:11]} 18. c3 {
[%emt 0:00:07]} Rfe8 {[%emt 0:00:02]} 19. Kg1 {[%emt 0:00:20]} exf4 {[%emt 0:
00:26]} 20. Bxf4 {[%emt 0:00:00]} Be5 {[%emt 0:00:01]} 21. Rae1 {[%emt 0:00:39]
} Bxf4 {[%emt 0:00:49]} 22. Rxe8+ {[%emt 0:00:03]} Rxe8 {[%emt 0:00:00]} 23.
Rxf4 {[%emt 0:00:01]} Kf8 {[%emt 0:00:06]} 24. Rb4 {[%emt 0:00:02]} Re7 {[%emt
0:00:01]} 25. Rb6 {[%emt 0:00:13]} Rd7 {[%emt 0:00:01]} 26. c4 {[%emt 0:00:35]}
Ke7 {[%emt 0:00:02]} 27. a5 {[%emt 0:00:07]} Kd8 {[%emt 0:00:04]} 28. b4 {
[%emt 0:00:05]} Kc7 {[%emt 0:00:03]} 29. Kf2 {[%emt 0:00:03]} f5 {[%emt 0:00:
19]} 30. Ke3 {[%emt 0:00:10]} Re7+ {[%emt 0:00:05]} 31. Kd3 {[%emt 0:00:04]} g6
{[%emt 0:00:07]} 32. c5 {[%emt 0:00:03]} Rd7 {[%emt 0:00:01]} 33. c6 {[%emt 0:
00:04]} bxc6 {[%emt 0:00:06]} 34. dxc6 {[%emt 0:00:07]} Re7 {[%emt 0:00:05]}
35. Rb7+ {[%emt 0:00:05]} Kd8 {[%emt 0:00:01]} 36. Rxe7 {[%emt 0:00:01]} Kxe7 {
[%emt 0:00:01]} 37. b5 {[%emt 0:00:01]} Kd8 {[%emt 0:00:06]} 38. bxa6 {[%emt 0:
00:01] Necromant resigns} 1-0

[Event "Villarobledo Online Qualifyer"]
[Site "playchess.com #155672"]
[Date "2009.05.23"]
[Round "8"]
[White "Artur95"]
[Black "Africanchamp"]
[Result "1/2-1/2"]
[WhiteElo "2390"]
[BlackElo "2893"]
[PlyCount "78"]
[EventDate "2009.05.23"]
[EventType "swiss (blitz)"]

1. e4 {[%emt 0:00:04] Artur95 ïðåäëàãàåò íè~~üo^} c5 {[%emt 0:00:05]} 2. c3 {
[%emt 0:00:01]} Nf6 {[%emt 0:00:04]} 3. e5 {[%emt 0:00:01]} Nd5 {[%emt 0:00:02]
} 4. d4 {[%emt 0:00:00]} cxd4 {[%emt 0:00:07]} 5. Nf3 {[%emt 0:00:01]} e6 {
[%emt 0:00:01]} 6. cxd4 {[%emt 0:00:00]} b6 {[%emt 0:00:02]} 7. Nc3 {[%emt 0:
00:01]} Nxc3 {[%emt 0:00:02]} 8. bxc3 {[%emt 0:00:00]} Qc7 {[%emt 0:00:01]} 9.
Bd2 {[%emt 0:00:01]} Bb7 {[%emt 0:00:02]} 10. Bd3 {[%emt 0:00:01]} d6 {[%emt 0:
00:02]} 11. O-O {[%emt 0:00:01]} h6 {[%emt 0:00:01]} 12. Re1 {[%emt 0:00:01]}
Be7 {[%emt 0:00:02]} 13. Rc1 {[%emt 0:00:01]} O-O {[%emt 0:00:02]} 14. Bb1 {
[%emt 0:00:07]} f5 {[%emt 0:00:15]} 15. exd6 {[%emt 0:00:12]} Qxd6 {[%emt 0:00:
09]} 16. Ne5 {[%emt 0:00:01]} Bf6 {[%emt 0:00:15]} 17. Bf4 {[%emt 0:00:24]} Qd5
{[%emt 0:00:05]} 18. f3 {[%emt 0:00:01]} Nc6 {[%emt 0:00:08]} 19. Bc2 {[%emt 0:
00:08]} Na5 {[%emt 0:00:21]} 20. Bb3 {[%emt 0:00:15]} Nxb3 {[%emt 0:00:03]} 21.
Qxb3 {[%emt 0:00:00]} Rac8 {[%emt 0:00:05]} 22. Ng6 {[%emt 0:00:07]} Rfe8 {
[%emt 0:00:05]} 23. Be5 {[%emt 0:00:02]} Kf7 {[%emt 0:00:26]} 24. Nf4 {[%emt 0:
00:14]} Qxb3 {[%emt 0:00:03]} 25. axb3 {[%emt 0:00:00]} Bd5 {[%emt 0:00:10]}
26. Nxd5 {[%emt 0:00:31]} exd5 {[%emt 0:00:02]} 27. f4 {[%emt 0:00:00]} Bh4 {
[%emt 0:00:07]} 28. g3 {[%emt 0:00:01]} Be7 {[%emt 0:00:02]} 29. c4 {[%emt 0:
00:02]} dxc4 {[%emt 0:00:08]} 30. bxc4 {[%emt 0:00:00]} Red8 {[%emt 0:00:01]}
31. Re2 {[%emt 0:00:03]} Bd6 {[%emt 0:00:10]} 32. Ra2 {[%emt 0:00:04]} Bxe5 {
[%emt 0:00:06]} 33. dxe5 {[%emt 0:00:04]} Rd7 {[%emt 0:00:03]} 34. Kf2 {[%emt
0:00:03]} Ke6 {[%emt 0:00:02]} 35. Ra6 {[%emt 0:00:03]} Rc5 {[%emt 0:00:15]}
36. Ke3 {[%emt 0:00:13]} g5 {[%emt 0:00:02]} 37. Rc3 {[%emt 0:00:25]} g4 {
[%emt 0:00:02]} 38. Rd3 {[%emt 0:00:14]} Rdc7 {[%emt 0:00:23] Africanchamp
offers a draw} 39. Rd6+ {[%emt 0:00:01]} Ke7 {[%emt 0:00:01]} 1/2-1/2

[Event "Villarobledo Online Qualifyer"]
[Site "playchess.com #155672"]
[Date "2009.05.23"]
[Round "8"]
[White "Drago_infiammato"]
[Black "Moe der Beste"]
[Result "1/2-1/2"]
[WhiteElo "2090"]
[BlackElo "2235"]
[PlyCount "116"]
[EventDate "2009.05.23"]
[EventType "swiss (blitz)"]

1. d4 {[%emt 0:00:01]} d5 {[%emt 0:00:01]} 2. c4 {[%emt 0:00:04]} c6 {[%emt 0:
00:01]} 3. cxd5 {[%emt 0:00:01]} cxd5 {[%emt 0:00:01]} 4. Nc3 {[%emt 0:00:01]}
Nf6 {[%emt 0:00:01]} 5. Nf3 {[%emt 0:00:01]} e6 {[%emt 0:00:02]} 6. Bg5 {[%emt
0:00:01]} Be7 {[%emt 0:00:01]} 7. e3 {[%emt 0:00:01]} O-O {[%emt 0:00:01]} 8.
Bd3 {[%emt 0:00:01]} Nc6 {[%emt 0:00:00]} 9. O-O {[%emt 0:00:01]} a6 {[%emt 0:
00:02]} 10. a3 {[%emt 0:00:01]} Bd7 {[%emt 0:00:01]} 11. Rc1 {[%emt 0:00:01]}
Rc8 {[%emt 0:00:01]} 12. Qc2 {[%emt 0:00:01]} h6 {[%emt 0:00:02]} 13. Bxf6 {
[%emt 0:00:01]} Bxf6 {[%emt 0:00:01]} 14. b4 {[%emt 0:00:01]} Qe7 {[%emt 0:00:
02]} 15. Qb3 {[%emt 0:00:18]} b5 {[%emt 0:00:03]} 16. Ne2 {[%emt 0:00:13]} Qd6
{[%emt 0:00:20]} 17. Nd2 {[%emt 0:00:14]} e5 {[%emt 0:00:02]} 18. dxe5 {[%emt
0:00:02]} Nxe5 {[%emt 0:00:00]} 19. Bb1 {[%emt 0:00:11]} Nc4 {[%emt 0:00:02]}
20. Rfd1 {[%emt 0:00:12]} Qe6 {[%emt 0:00:21]} 21. Nf4 {[%emt 0:00:31]} Nxd2 {
[%emt 0:00:08]} 22. Nxe6 {[%emt 0:00:02]} Nxb3 {[%emt 0:00:02]} 23. Nxf8 {
[%emt 0:00:02]} Rxc1 {[%emt 0:01:11]} 24. Rxc1 {[%emt 0:00:01]} Nxc1 {[%emt 0:
00:00]} 25. Nxd7 {[%emt 0:00:01]} Bb2 {[%emt 0:00:01]} 26. Nc5 {[%emt 0:00:07]}
Bxa3 {[%emt 0:00:02]} 27. Nxa6 {[%emt 0:00:01]} Ne2+ {[%emt 0:00:01]} 28. Kf1 {
[%emt 0:00:02]} Nc3 {[%emt 0:00:00]} 29. Bd3 {[%emt 0:00:01]} Kf8 {[%emt 0:00:
04]} 30. Nc7 {[%emt 0:00:01]} Bxb4 {[%emt 0:00:03]} 31. Nxb5 {[%emt 0:00:08]}
Na4 {[%emt 0:00:09]} 32. Nd4 {[%emt 0:00:04]} Nb6 {[%emt 0:00:04]} 33. Bb5 {
[%emt 0:00:02]} Bc5 {[%emt 0:00:02]} 34. Nb3 {[%emt 0:00:02]} Bb4 {[%emt 0:00:
08]} 35. Ke2 {[%emt 0:00:01]} Ke7 {[%emt 0:00:01]} 36. Kd3 {[%emt 0:00:02]} Kd6
{[%emt 0:00:01]} 37. Nd4 {[%emt 0:00:04]} g6 {[%emt 0:00:05]} 38. Be8 {[%emt 0:
00:05]} Nd7 {[%emt 0:00:09]} 39. Bxd7 {[%emt 0:00:06]} Kxd7 {[%emt 0:00:01]}
40. Nc2 {[%emt 0:00:01]} Bc5 {[%emt 0:00:02]} 41. g4 {[%emt 0:00:03]} Ke6 {
[%emt 0:00:01]} 42. f4 {[%emt 0:00:02]} f6 {[%emt 0:00:01]} 43. h3 {[%emt 0:00:
01]} g5 {[%emt 0:00:01]} 44. f5+ {[%emt 0:00:03]} Kd6 {[%emt 0:00:04]} 45. Ne1
{[%emt 0:00:08]} Ba7 {[%emt 0:00:04]} 46. Nf3 {[%emt 0:00:01]} Bb6 {[%emt 0:00:
01]} 47. h4 {[%emt 0:00:02]} Bd8 {[%emt 0:00:05]} 48. hxg5 {[%emt 0:00:01]}
hxg5 {[%emt 0:00:01]} 49. Nd4 {[%emt 0:00:02]} Bb6 {[%emt 0:00:03]} 50. Ne6 {
[%emt 0:00:01]} Ba7 {[%emt 0:00:03]} 51. e4 {[%emt 0:00:05]} Bb6 {[%emt 0:00:
02]} 52. Ng7 {[%emt 0:00:08]} Ke5 {[%emt 0:00:14]} 53. exd5 {[%emt 0:00:03]}
Kxd5 {[%emt 0:00:00]} 54. Nh5 {[%emt 0:00:01]} Ke5 {[%emt 0:00:03]
Drago_infiammato offre la patta} 55. Ke2 {[%emt 0:00:04]} Bd4 {[%emt 0:00:05]}
56. Kf3 {[%emt 0:00:01]} Bc5 {[%emt 0:00:02]} 57. Ng7 {[%emt 0:00:01]} Bf8 {
[%emt 0:00:01]} 58. Ne6 {[%emt 0:00:01] Moe der Beste bietet Remis} Bd6 {[%emt
0:00:03]} 1/2-1/2

[Event "Villarobledo Online Qualifyer"]
[Site "playchess.com #155672"]
[Date "2009.05.23"]
[Round "8"]
[White "Ajaraisk"]
[Black "Steflenicois"]
[Result "0-1"]
[WhiteElo "2183"]
[BlackElo "2479"]
[PlyCount "86"]
[EventDate "2009.05.23"]
[EventType "swiss (blitz)"]

1. Nf3 {[%emt 0:00:10]} d5 {[%emt 0:00:10]} 2. g3 {[%emt 0:00:05]} c6 {[%emt 0:
00:01]} 3. Bg2 {[%emt 0:00:01]} Nf6 {[%emt 0:00:00]} 4. O-O {[%emt 0:00:01]}
Bf5 {[%emt 0:00:06]} 5. c4 {[%emt 0:00:01]} e6 {[%emt 0:00:01]} 6. cxd5 {[%emt
0:00:01]} cxd5 {[%emt 0:00:02]} 7. d3 {[%emt 0:00:00]} Nc6 {[%emt 0:00:01]} 8.
a3 {[%emt 0:00:02]} Bd6 {[%emt 0:00:01]} 9. b4 {[%emt 0:00:01]} O-O {[%emt 0:
00:01]} 10. Bb2 {[%emt 0:00:01]} Rc8 {[%emt 0:00:01]} 11. Nbd2 {[%emt 0:00:01]}
a6 {[%emt 0:00:02]} 12. Nb3 {[%emt 0:00:02]} Qe7 {[%emt 0:00:03]} 13. Rc1 {
[%emt 0:00:02]} h6 {[%emt 0:00:01]} 14. Qd2 {[%emt 0:00:01]} Bg6 {[%emt 0:00:
03]} 15. Nfd4 {[%emt 0:00:01]} Nxd4 {[%emt 0:00:02]} 16. Bxd4 {[%emt 0:00:02]}
e5 {[%emt 0:00:11]} 17. Bc5 {[%emt 0:00:01]} e4 {[%emt 0:00:17]} 18. Bxd6 {
[%emt 0:00:18]} Qxd6 {[%emt 0:00:01]} 19. dxe4 {[%emt 0:00:01]} Bxe4 {[%emt 0:
00:04]} 20. Nc5 {[%emt 0:00:07]} Bxg2 {[%emt 0:00:02]} 21. Kxg2 {[%emt 0:00:00]
} Qe7 {[%emt 0:00:10]} 22. Rfd1 {[%emt 0:00:09]} Rfd8 {[%emt 0:00:01]} 23. Qd4
{[%emt 0:00:10]} Qxe2 {[%emt 0:00:29]} 24. Nxb7 {[%emt 0:00:04]} Rxc1 {[%emt 0:
00:01]} 25. Rxc1 {[%emt 0:00:00]} Re8 {[%emt 0:00:01]} 26. Nd6 {[%emt 0:00:14]}
Rd8 {[%emt 0:00:16]} 27. Nf5 {[%emt 0:00:06]} Qe4+ {[%emt 0:00:09]} 28. Qxe4 {
[%emt 0:00:07]} dxe4 {[%emt 0:00:00]} 29. Rc6 {[%emt 0:00:14]} Rd2 {[%emt 0:00:
09]} 30. h3 {[%emt 0:00:15]} Nd5 {[%emt 0:00:26]} 31. Kf1 {[%emt 0:00:18]} Kh7
{[%emt 0:00:25]} 32. Rd6 {[%emt 0:00:28]} g6 {[%emt 0:00:23]} 33. Ke1 {[%emt 0:
00:01]} Rd3 {[%emt 0:00:06]} 34. Ne3 {[%emt 0:00:53] .} Nxe3 {[%emt 0:00:01]}
35. Rxd3 {[%emt 0:00:02]} Nc2+ {[%emt 0:00:00]} 36. Kd2 {[%emt 0:00:02]} exd3 {
[%emt 0:00:00]} 37. Kxd3 {[%emt 0:00:00]} Nxa3 {[%emt 0:00:02]} 38. Kc3 {[%emt
0:00:01]} Kg7 {[%emt 0:00:02]} 39. Kb3 {[%emt 0:00:01]} Nb5 {[%emt 0:00:01]}
40. Kc4 {[%emt 0:00:00]} Kf6 {[%emt 0:00:00]} 41. Kc5 {[%emt 0:00:00]} Nc3 {
[%emt 0:00:06]} 42. Kb6 {[%emt 0:00:01]} Nd5+ {[%emt 0:00:01]} 43. Ka5 {[%emt
0:00:01]} Ke5 {[%emt 0:00:01] Ajaraisk resigns} 0-1

[Event "Villarobledo Online Qualifyer"]
[Site "playchess.com #155672"]
[Date "2009.05.23"]
[Round "8"]
[White "Imperatrix"]
[Black "GMsKoRPioN"]
[Result "0-1"]
[WhiteElo "1791"]
[BlackElo "2507"]
[PlyCount "108"]
[EventDate "2009.05.23"]
[EventType "swiss (blitz)"]

1. d4 {[%emt 0:00:04]} d6 {[%emt 0:00:00]} 2. c4 {[%emt 0:00:03]} g6 {[%emt 0:
00:00]} 3. Nc3 {[%emt 0:00:01]} Bg7 {[%emt 0:00:00]} 4. Nf3 {[%emt 0:00:01]}
Nf6 {[%emt 0:00:00]} 5. g3 {[%emt 0:00:02]} O-O {[%emt 0:00:01]} 6. Bg2 {[%emt
0:00:01]} Nc6 {[%emt 0:00:01]} 7. O-O {[%emt 0:00:02]} e5 {[%emt 0:00:00]} 8.
d5 {[%emt 0:00:02]} Ne7 {[%emt 0:00:01]} 9. e4 {[%emt 0:00:01]} Nd7 {[%emt 0:
00:01]} 10. Qc2 {[%emt 0:00:06]} a5 {[%emt 0:00:03]} 11. Rb1 {[%emt 0:00:03]}
h6 {[%emt 0:00:01]} 12. Nh4 {[%emt 0:00:06]} Nc5 {[%emt 0:00:09]} 13. f4 {
[%emt 0:00:08]} exf4 {[%emt 0:00:01]} 14. Bxf4 {[%emt 0:00:04]} g5 {[%emt 0:00:
02]} 15. Bxg5 {[%emt 0:00:19]} hxg5 {[%emt 0:00:00]} 16. Nf3 {[%emt 0:00:01]}
Ng6 {[%emt 0:00:02]} 17. Qd2 {[%emt 0:00:04]} g4 {[%emt 0:00:03]} 18. Ne1 {
[%emt 0:00:08]} Ne5 {[%emt 0:00:03]} 19. b3 {[%emt 0:00:07]} Kh7 {[%emt 0:00:
01]} 20. Ne2 {[%emt 0:00:08]} Bh6 {[%emt 0:00:09]} 21. Nf4 {[%emt 0:00:05]} Ng6
{[%emt 0:00:02]} 22. Ned3 {[%emt 0:00:05]} Nxd3 {[%emt 0:00:02]} 23. Qxd3 {
[%emt 0:00:01]} Nxf4 {[%emt 0:00:07]} 24. gxf4 {[%emt 0:00:02]} f5 {[%emt 0:00:
00]} 25. e5 {[%emt 0:00:06]} dxe5 {[%emt 0:00:30]} 26. fxe5 {[%emt 0:00:03]}
Qg5 {[%emt 0:00:00]} 27. Rbe1 {[%emt 0:00:09]} Bd7 {[%emt 0:00:01]} 28. e6 {
[%emt 0:00:02]} Be8 {[%emt 0:00:02]} 29. Re5 {[%emt 0:00:10]} Bg6 {[%emt 0:00:
01]} 30. e7 {[%emt 0:00:17]} Rfe8 {[%emt 0:00:02]} 31. Qe2 {[%emt 0:00:01]} Bg7
{[%emt 0:00:08]} 32. Re6 {[%emt 0:00:04]} f4 {[%emt 0:00:07]} 33. Be4 {[%emt 0:
00:04]} Bf5 {[%emt 0:00:28]} 34. Bxf5+ {[%emt 0:00:04]} Qxf5 {[%emt 0:00:01]}
35. Kh1 {[%emt 0:00:17]} Bf6 {[%emt 0:00:26]} 36. Re1 {[%emt 0:00:24]} Kg7 {
[%emt 0:00:04]} 37. Rg1 {[%emt 0:00:06]} f3 {[%emt 0:00:03]} 38. Qe4 {[%emt 0:
00:06]} Qxe4 {[%emt 0:00:04]} 39. Rxe4 {[%emt 0:00:01]} Rxe7 {[%emt 0:00:03]}
40. Rgxg4+ {[%emt 0:00:02]} Kf7 {[%emt 0:00:01]} 41. Ref4 {[%emt 0:00:05]} Re1+
{[%emt 0:00:03]} 42. Rg1 {[%emt 0:00:02]} Rxg1+ {[%emt 0:00:01]} 43. Kxg1 {
[%emt 0:00:01]} Rg8+ {[%emt 0:00:01]} 44. Kf2 {[%emt 0:00:13]} Rg2+ {[%emt 0:
00:02]} 45. Kf1 {[%emt 0:00:09]} Rxh2 {[%emt 0:00:01]} 46. Rxf3 {[%emt 0:00:01]
} Rxa2 {[%emt 0:00:00]} 47. Rh3 {[%emt 0:00:07]} Ke7 {[%emt 0:00:10]} 48. Rh7+
{[%emt 0:00:01]} Kd6 {[%emt 0:00:01]} 49. Rh6 {[%emt 0:00:02]} Ke5 {[%emt 0:00:
01]} 50. Rh7 {[%emt 0:00:01]} Ke4 {[%emt 0:00:10]} 51. Rxc7 {[%emt 0:00:03]}
Kf3 {[%emt 0:00:03]} 52. Ke1 {[%emt 0:00:06]} Bc3+ {[%emt 0:00:01]} 53. Kd1 {
[%emt 0:00:01]} Ke3 {[%emt 0:00:04]} 54. Re7+ {[%emt 0:00:02]} Kd3 {[%emt 0:00:
01] Imperatrix resigns} 0-1

[Event "Villarobledo Online Qualifyer"]
[Site "playchess.com #155672"]
[Date "2009.05.23"]
[Round "8"]
[White "fritaldbx"]
[Black "retep1"]
[Result "1/2-1/2"]
[WhiteElo "1334"]
[BlackElo "1524"]
[PlyCount "93"]
[EventDate "2009.05.23"]
[EventType "swiss (blitz)"]

1. c4 {[%emt 0:00:05]} e6 {[%emt 0:00:05]} 2. d4 {[%emt 0:00:08]} d5 {[%emt 0:
00:02]} 3. cxd5 {[%emt 0:00:02]} exd5 {[%emt 0:00:02]} 4. g3 {[%emt 0:00:01]}
c6 {[%emt 0:00:01]} 5. Bg2 {[%emt 0:00:01]} Nf6 {[%emt 0:00:01]} 6. Nc3 {[%emt
0:00:03]} Bf5 {[%emt 0:00:02]} 7. Nf3 {[%emt 0:00:04]} Be7 {[%emt 0:00:01]} 8.
O-O {[%emt 0:00:06]} O-O {[%emt 0:00:01]} 9. Bg5 {[%emt 0:00:15]} h6 {[%emt 0:
00:06]} 10. Bf4 {[%emt 0:00:11]} Nbd7 {[%emt 0:00:14]} 11. Ne5 {[%emt 0:00:09]}
Nxe5 {[%emt 0:00:08]} 12. Bxe5 {[%emt 0:00:04]} Nd7 {[%emt 0:00:16]} 13. e4 {
[%emt 0:00:14]} dxe4 {[%emt 0:00:02]} 14. Bxe4 {[%emt 0:00:08]} Bxe4 {[%emt 0:
00:02]} 15. Nxe4 {[%emt 0:00:02]} Nxe5 {[%emt 0:00:04]} 16. dxe5 {[%emt 0:00:
03]} Qc7 {[%emt 0:00:01]} 17. Nd6 {[%emt 0:00:25]} Rad8 {[%emt 0:00:09]} 18.
Qe2 {[%emt 0:00:04]} Bxd6 {[%emt 0:00:02]} 19. exd6 {[%emt 0:00:03]} Rxd6 {
[%emt 0:00:03]} 20. Rfe1 {[%emt 0:00:13]} Re6 {[%emt 0:00:05]} 21. Qd2 {[%emt
0:00:16]} Rxe1+ {[%emt 0:00:02]} 22. Rxe1 {[%emt 0:00:04]} Rd8 {[%emt 0:00:03]}
23. Qe2 {[%emt 0:00:03]} Kf8 {[%emt 0:00:01]} 24. Qe3 {[%emt 0:00:11]} Qd6 {
[%emt 0:00:08]} 25. Qxa7 {[%emt 0:00:12]} Qb4 {[%emt 0:00:17]} 26. Qe3 {[%emt
0:00:18]} b5 {[%emt 0:00:27]} 27. b3 {[%emt 0:00:04]} Qd6 {[%emt 0:00:03]} 28.
h4 {[%emt 0:00:12]} h5 {[%emt 0:00:01]} 29. Qe4 {[%emt 0:00:08]} g6 {[%emt 0:
00:02]} 30. b4 {[%emt 0:00:04]} Kg8 {[%emt 0:00:02]} 31. a3 {[%emt 0:00:01]}
Ra8 {[%emt 0:00:12] '} 32. Qf4 {[%emt 0:00:01]} Qd3 {[%emt 0:00:08]} 33. Re3 {
[%emt 0:00:02]} Qd1+ {[%emt 0:00:04]} 34. Kg2 {[%emt 0:00:01]} Qd5+ {[%emt 0:
00:05]} 35. f3 {[%emt 0:00:05]} Qd2+ {[%emt 0:00:04]} 36. Kh3 {[%emt 0:00:01]}
Qd7+ {[%emt 0:00:02]} 37. g4 {[%emt 0:00:03]} hxg4+ {[%emt 0:00:07]} 38. fxg4 {
[%emt 0:00:02]} Rf8 {[%emt 0:00:07]} 39. h5 {[%emt 0:00:02]} gxh5 {[%emt 0:00:
11]} 40. Qg5+ {[%emt 0:00:02]} Kh7 {[%emt 0:00:04]} 41. Qxh5+ {[%emt 0:00:02]}
Kg7 {[%emt 0:00:01]} 42. Qg5+ {[%emt 0:00:01]} Kh7 {[%emt 0:00:01]} 43. Qh5+ {
[%emt 0:00:01]} Kg8 {[%emt 0:00:07]} 44. Qg5+ {[%emt 0:00:01]} Kh8 {[%emt 0:00:
01]} 45. Qh6+ {[%emt 0:00:04]} Kg8 {[%emt 0:00:02]} 46. Qg5+ {[%emt 0:00:01]}
Kh7 {[%emt 0:00:03]} 47. Qh5+ {[%emt 0:00:01]} 1/2-1/2

[Event "Villarobledo Online Qualifyer"]
[Site "playchess.com #155672"]
[Date "2009.05.23"]
[Round "8"]
[White "Torresh"]
[Black "Tomik Trhal"]
[Result "1-0"]
[WhiteElo "2097"]
[BlackElo "2191"]
[PlyCount "99"]
[EventDate "2009.05.23"]
[EventType "swiss (blitz)"]

1. e4 {[%emt 0:00:01]} c6 {[%emt 0:00:02]} 2. d4 {[%emt 0:00:02]} g6 {[%emt 0:
00:01]} 3. f3 {[%emt 0:00:04]} Bg7 {[%emt 0:00:02]} 4. Be3 {[%emt 0:00:02]} e5
{[%emt 0:00:01]} 5. Ne2 {[%emt 0:00:03]} d5 {[%emt 0:00:01]} 6. dxe5 {[%emt 0:
00:04]} Bxe5 {[%emt 0:00:01]} 7. Bd4 {[%emt 0:00:03]} Qf6 {[%emt 0:00:12]} 8.
exd5 {[%emt 0:00:09]} cxd5 {[%emt 0:00:03]} 9. Nbc3 {[%emt 0:00:03]} Ne7 {
[%emt 0:00:05]} 10. Qd2 {[%emt 0:00:18]} O-O {[%emt 0:00:10]} 11. O-O-O {[%emt
0:00:11]} Be6 {[%emt 0:00:08]} 12. Bxe5 {[%emt 0:00:17]} Qxe5 {[%emt 0:00:02]}
13. h4 {[%emt 0:00:05]} h5 {[%emt 0:00:12]} 14. Nf4 {[%emt 0:00:24]} Nbc6 {
[%emt 0:00:27]} 15. Bd3 {[%emt 0:00:45]} d4 {[%emt 0:00:25]} 16. Ne4 {[%emt 0:
00:04]} Bxa2 {[%emt 0:00:11]} 17. b3 {[%emt 0:00:16]} a5 {[%emt 0:00:51] '} 18.
Kb2 {[%emt 0:00:20]} a4 {[%emt 0:00:01]} 19. Kxa2 {[%emt 0:00:08]} axb3+ {
[%emt 0:00:01]} 20. Kxb3 {[%emt 0:00:01]} Na5+ {[%emt 0:00:01]} 21. Kb2 {[%emt
0:00:04]} Rfc8 {[%emt 0:00:04]} 22. Ra1 {[%emt 0:00:04]} b6 {[%emt 0:00:09]}
23. Rhb1 {[%emt 0:00:02]} Rab8 {[%emt 0:00:10]} 24. Kc1 {[%emt 0:00:01]} Rc7 {
[%emt 0:00:06]} 25. Rb5 {[%emt 0:00:02]} Qxb5 {[%emt 0:00:14]} 26. Bxb5 {[%emt
0:00:02]} Nb3+ {[%emt 0:00:01]} 27. Kd1 {[%emt 0:00:05]} Nxd2 {[%emt 0:00:00]}
28. Nxd2 {[%emt 0:00:01]} Rbc8 {[%emt 0:00:04]} 29. Bd3 {[%emt 0:00:02]} Nc6 {
[%emt 0:00:03] Tomik Trhal offers a draw} 30. Nd5 {[%emt 0:00:03]} Rb7 {[%emt
0:00:02]} 31. Rb1 {[%emt 0:00:03]} Ne5 {[%emt 0:00:02]} 32. Ne4 {[%emt 0:00:02]
} Nxd3 {[%emt 0:00:01]} 33. cxd3 {[%emt 0:00:01]} b5 {[%emt 0:00:00]} 34. Nd6 {
[%emt 0:00:01]} Rcb8 {[%emt 0:00:02]} 35. Nxb7 {[%emt 0:00:01]} Rxb7 {[%emt 0:
00:00]} 36. Rb4 {[%emt 0:00:01]} Kf8 {[%emt 0:00:03]} 37. Rxd4 {[%emt 0:00:01]}
f5 {[%emt 0:00:02]} 38. Nb4 {[%emt 0:00:01]} Kf7 {[%emt 0:00:02]} 39. f4 {
[%emt 0:00:01]} Ra7 {[%emt 0:00:03]} 40. Rd5 {[%emt 0:00:02]} Ra1+ {[%emt 0:00:
02]} 41. Ke2 {[%emt 0:00:02]} Rg1 {[%emt 0:00:01]} 42. Kf2 {[%emt 0:00:01]} Rb1
{[%emt 0:00:01]} 43. Rxb5 {[%emt 0:00:01]} Rb2+ {[%emt 0:00:01]} 44. Kf3 {
[%emt 0:00:01]} Rb3 {[%emt 0:00:03]} 45. Kf2 {[%emt 0:00:03]} Rb2+ {[%emt 0:00:
01]} 46. Kg3 {[%emt 0:00:01]} Rb3 {[%emt 0:00:01]} 47. Kh2 {[%emt 0:00:01]} Kg7
{[%emt 0:00:01]} 48. Rb7+ {[%emt 0:00:02]} Kh6 {[%emt 0:00:03]} 49. d4 {[%emt
0:00:01]} Rb1 {[%emt 0:00:01]} 50. d5 {[%emt 0:00:01] Tomik Trhal resigns} 1-0